Big pig, little pig /

Bibliographic Details
Main Author: Vaughan, Marica K.
Format: Book
Language:English
Published: Glenview, Ill. : ScottForesman, [1993]
Subjects:

MARC

Tag First Indicator Second Indicator Subfields
LEADER 00000cam a2200000Ia 4500
001 in00002262829
005 20151105091511.0
008 990526s1993 ilua j 000 1 eng d
020 |a 0673805646 
020 |a 9780673805645 
035 |a (OCoLC)ocm41437514 
035 |a (OCoLC)41437514 
040 |a HNW  |c HNW  |d GGN  |d TXA  |d UtOrBLW 
049 |a TXAM 
090 |a PZ7.V452  |b Big 1993 
092 0 |a 813.54  |b V368b, 1993  |2 21 
100 1 |a Vaughan, Marica K. 
245 1 0 |a Big pig, little pig /  |c by Marcia Vaughan; illustrated by Lois Ehlert. 
264 1 |a Glenview, Ill. :  |b ScottForesman,  |c [1993] 
264 4 |c ©1993 
300 |a 8 pages :  |b illustrations ;  |c 17 cm. 
336 |a text  |b txt  |2 rdacontent 
337 |a unmediated  |b n  |2 rdamedia 
338 |a volume  |b nc  |2 rdacarrier 
500 |a "Little celebrations"--cover. 
650 0 |a Domestic animals  |v Juvenile fiction. 
948 |a cataloged  |b h  |c 2007/7/26  |d c  |e croman 
994 |a C0  |b TXA 
999 |a MARS 
999 f f |s 3de027b3-a852-362c-9944-0df9192e62e9  |i 22383aa5-f66d-3de2-b542-0f195dd49c60  |t 0 
952 f f |p normal  |a Texas A&M University  |b College Station  |c Sterling C. Evans Library  |d Evans: Curriculum Collection (4th floor)  |t 0  |e PZ7.V452 Big 1993  |h Library of Congress classification  |i unmediated -- volume  |m A14836095268 
998 f f |a PZ7.V452 Big 1993  |t 0  |l Evans: Curriculum Collection (4th floor)